Statistics for Forbes 20 most visited cities of 2014

Click here to take the quiz!

General Stats

  • This quiz has been taken 1,147 times
  • The average score is 13 of 20

Answer Stats

HintAnswer% Correct
6New York
99%
3Paris
99%
1London
98%
14Rome
93%
19Tokyo
89%
11Barcelona
82%
16Shanghai
73%
9Hong Kong
70%
12Amsterdam
69%
2Bangkok
69%
4Singapore
68%
7Istanbul
65%
5Dubai
60%
13Milan
60%
10Seoul
58%
17Vienna
50%
8Kuala Lumpur
39%
15Taipei
31%
18Riyadh
13%
20Lima
11%

Score Distribution

Percentile by Number Answered

Percent of People with Each Score

Your Score History

You have not taken this quiz